[Event "EU-chT Seniors 65"]
[Site "Swidnica"]
[Date "2023.07.15"]
[Round "4.7"]
[White "Legky, Nikolay A"]
[Black "Grossmann, Ryszard"]
[Result "1-0"]
[WhiteElo "2360"]
[BlackElo "1904"]
[PlyCount "49"]
[EventDate "2023.07.12"]
[EventType "team-swiss"]
[EventRounds "9"]
[EventCountry "POL"]
[SourceTitle "CBM 215 Extra"]
[Source "ChessBase"]
[SourceDate "2023.09.30"]
[SourceVersion "1"]
[SourceVersionDate "2023.09.30"]
[SourceQuality "1"]
[WhiteTeam "Strasbourg 65"]
[BlackTeam "Lower Silesia 65 II"]
[WhiteTeamCountry "FRA"]
[BlackTeamCountry "POL"]

1. e4 c6 2. d4 d5 3. e5 Bf5 4. g4 Bc8 5. Nc3 h5 6. gxh5 Bf5 7. Bh3 Bxh3 8. Nxh3 e6 9. Bg5 Qc7 10. Qg4 c5 11. 0-0-0 a6 12. Rhe1 Nc6 13. dxc5 Bxc5 14. Nxd5 exd5 15. e6 Kf8 16. exf7 Qxf7 17. Nf4 Nge7 18. Ne6+ Kg8 19. Nxc5 b6 20. Ne6 Ra7 21. Bxe7 Nxe7 22. Ng5 Qxh5 23. Qe6+ Kf8 24. Rxd5 Qe8 25. Rd8 1-0

[Event "EU-ch Blitz"]
[Site "Katowice"]
[Date "2022.12.16"]
[Round "1"]
[White "Grossmann, Ryszard"]
[Black "Kosteniuk, Alexandra"]
[Result "1-0"]
[WhiteElo "1904"]
[BlackElo "2520"]
[PlyCount "87"]
[EventDate "2022.12.16"]
[EventType "swiss (blitz)"]
[EventRounds "22"]
[EventCountry "POL"]
[SourceTitle "CBM 211 Extra"]
[Source "ChessBase"]
[SourceDate "2023.01.31"]
[SourceVersion "1"]
[SourceVersionDate "2023.01.31"]
[SourceQuality "1"]

1. d4 f5 2. c4 Nf6 3. Nc3 g6 4. g3 Bg7 5. Bg2 0-0 6. Nf3 d6 7. 0-0 a5 8. e4 fxe4 9. Ng5 Nc6 10. Be3 Bg4 11. Qd2 e5 12. d5 Ne7 13. Ngxe4 Nxe4 14. Nxe4 Qc8 15. Rfe1 a4 16. Rac1 a3 17. b3 b6 18. Ng5 Rb8 19. h3 Bd7 20. Kh2 Kh8 21. Ne4 Nf5 22. b4 Nxe3 23. Qxe3 Qd8 24. Rc3 b5 25. c5 dxc5 26. Nxc5 Qe7 27. Rxa3 Bf5 28. Ra7 Qd6 29. Rc1 Ra8 30. Rxa8 Rxa8 31. Qb3 Rf8 32. Be4 Bc8 33. f3 Bh6 34. Rc2 Qf6 35. Kg2 Bf5 36. Qd3 Bxe4 37. Qxe4 Qd6 38. a3 Ra8 39. Rc3 Bd2 40. Rd3 Bc1 41. Ne6 Rxa3 42. Rxa3 Bxa3 43. Qh4 Kg8 44. Qf6 1-0

[Event "Wroclaw Anderssen Memorial op"]
[Site "Wroclaw"]
[Date "2018.08.04"]
[Round "7"]
[White "Grossmann, Ryszard"]
[Black "Dubinski, Mateusz"]
[Result "0-1"]
[WhiteElo "2052"]
[BlackElo "2317"]
[PlyCount "91"]
[EventDate "2018.08.04"]
[EventType "swiss (rapid)"]
[EventRounds "13"]
[EventCountry "POL"]
[SourceTitle "CBM 185 Extra"]
[Source "ChessBase"]
[SourceDate "2018.07.29"]
[SourceVersion "1"]
[SourceVersionDate "2018.07.29"]
[SourceQuality "1"]

1. c4 c5 2. Nc3 Nc6 3. g3 g6 4. Bg2 Bg7 5. e3 Nh6 6. Nge2 Nf5 7. d3 h5 8. h4 0-0 9. 0-0 d6 10. Rb1 Qd7 11. b3 b6 12. Bb2 Bb7 13. Nd5 Bxb2 14. Rxb2 f6 15. Ndf4 Kg7 16. Bd5 Nd8 17. e4 Nh6 18. Kg2 e6 19. Bxb7 Qxb7 20. Nc3 Ng4 21. Qe2 Qf7 22. Nh3 Nc6 23. f4 Nd4 24. Qd2 Qb7 25. Rbb1 a6 26. Rbe1 b5 27. Kg1 Rad8 28. Ne2 Nc6 29. Nf2 Nh6 30. Nd1 d5 31. f5 dxe4 32. Nf4 exf5 33. Ne6+ Kh7 34. Nxf8+ Rxf8 35. dxe4 Rd8 36. Qf4 Rd4 37. Nc3 Ne5 38. Nd5 Qf7 39. Re2 Nhg4 40. Qc1 fxe4 41. Rf4 f5 42. Ne3 Nd3 43. Qf1 Nxf4 44. Qxf4 Nxe3 45. Rxe3 Qd7 46. Re2 0-1

[Event "Wroclaw Anderssen Memorial op"]
[Site "Wroclaw"]
[Date "2018.08.04"]
[Round "4"]
[White "Grossmann, Ryszard"]
[Black "Piesik, Piotr"]
[Result "0-1"]
[WhiteElo "2052"]
[BlackElo "2352"]
[PlyCount "66"]
[EventDate "2018.08.04"]
[EventType "swiss (rapid)"]
[EventRounds "13"]
[EventCountry "POL"]
[SourceTitle "CBM 185 Extra"]
[Source "ChessBase"]
[SourceDate "2018.07.29"]
[SourceVersion "1"]
[SourceVersionDate "2018.07.29"]
[SourceQuality "1"]

1. c4 e5 2. Nc3 Nf6 3. e3 d6 4. d3 g6 5. g3 Bg7 6. Bg2 0-0 7. Nge2 Nc6 8. Rb1 a5 9. a3 Be6 10. Nd5 Qd7 11. h3 a4 12. Nec3 Nd8 13. Nxf6+ Bxf6 14. Nd5 Bg7 15. Bd2 Ra6 16. e4 f5 17. f3 Nc6 18. g4 fxe4 19. fxe4 Nd4 20. Be3 Qd8 21. g5 c6 22. Nc3 b5 23. cxb5 Bb3 24. Qd2 cxb5 25. Rc1 Rc6 26. Rf1 Be6 27. Rxf8+ Bxf8 28. Bxd4 exd4 29. Nxb5 Rxc1+ 30. Qxc1 Qa5+ 31. Nc3 Bg7 32. Kd2 dxc3+ 33. bxc3 Qxg5+ 0-1

[Event "Wroclaw op"]
[Site "Wroclaw"]
[Date "2018.08.03"]
[Round "7"]
[White "Grossmann, Ryszard"]
[Black "Goraj, Barbara"]
[Result "1-0"]
[WhiteElo "2052"]
[BlackElo "1796"]
[PlyCount "85"]
[EventDate "2018.07.30"]
[EventType "swiss"]
[EventRounds "9"]
[EventCountry "POL"]
[SourceTitle "CBM 185 Extra"]
[Source "ChessBase"]
[SourceDate "2018.07.29"]
[SourceVersion "1"]
[SourceVersionDate "2018.07.29"]
[SourceQuality "1"]

1. c4 e5 2. Nc3 Nc6 3. e3 d6 4. g3 g6 5. Bg2 Bg7 6. Nge2 f5 7. d3 Nf6 8. Rb1 0-0 9. b4 Nh5 10. b5 Nb8 11. Nd5 c6 12. bxc6 bxc6 13. Nb4 Bd7 14. 0-0 a5 15. Nc2 Be6 16. f4 Qc7 17. Bb2 Nd7 18. Qd2 Nc5 19. Nc3 Rfd8 20. d4 Ne4 21. Nxe4 fxe4 22. d5 Bf5 23. Rfc1 Rac8 24. Bc3 exf4 25. Bxa5 fxe3 26. Nxe3 Qa7 27. Bb6 Qe7 28. Bxd8 Qxd8 29. dxc6 Qg5 30. Rb3 Nf6 31. Qxd6 Ng4 32. h4 Qh6 33. Re1 Ne5 34. Nxf5 gxf5 35. Qd5+ Kh8 36. c7 Qa6 37. Qd8+ Bf8 38. Kh1 Ng4 39. Rf1 e3 40. Rxf5 e2 41. Rxf8+ Kg7 42. Qe7+ Kh6 43. Qg5# 1-0

[Event "Katowice POL-HUN 6th"]
[Site "Katowice"]
[Date "2018.05.05"]
[Round "2"]
[White "Janik, Igor"]
[Black "Grossmann, Ryszard"]
[Result "1-0"]
[WhiteElo "2420"]
[BlackElo "2052"]
[PlyCount "55"]
[EventDate "2018.05.05"]
[EventType "swiss (rapid)"]
[EventRounds "9"]
[EventCountry "POL"]
[SourceTitle "CBM 184 Extra"]
[Source "ChessBase"]
[SourceDate "2018.06.28"]
[SourceVersion "1"]
[SourceVersionDate "2018.06.28"]
[SourceQuality "1"]

1. e4 c6 2. d4 d5 3. e5 Bf5 4. Nd2 e6 5. Nb3 Nd7 6. Nf3 h6 7. Be2 a6 8. 0-0 Bh7 9. Bd2 Rc8 10. Rc1 Ne7 11. Na5 Rc7 12. b4 b5 13. Ne1 Nc8 14. f4 Be7 15. Bd3 Bxd3 16. cxd3 Nb8 17. f5 exf5 18. Rxf5 Qd7 19. Rf1 Qe6 20. Qh5 g6 21. Qe2 Kf8 22. g3 Kg7 23. Ng2 h5 24. Nf4 Qd7 25. e6 fxe6 26. Nxe6+ Kg8 27. Nxc7 Qxc7 28. Qe6+ 1-0

[Event "POL-chT 2nd League"]
[Site "Szklarska Poreba"]
[Date "2017.09.10"]
[Round "9.11"]
[White "Gosciniak, Tomasz"]
[Black "Grossmann, Ryszard"]
[Result "1/2-1/2"]
[WhiteElo "1924"]
[BlackElo "2070"]
[PlyCount "89"]
[EventDate "2017.09.02"]
[EventType "team-swiss"]
[EventRounds "9"]
[EventCountry "POL"]
[SourceTitle "CBM 180 Extra"]
[Source "ChessBase"]
[SourceDate "2017.10.06"]
[SourceVersion "1"]
[SourceVersionDate "2017.10.06"]
[SourceQuality "1"]
[WhiteTeam "Grzybowo GKSz Solny"]
[BlackTeam "Pegow Wieza"]
[WhiteTeamCountry "POL"]
[BlackTeamCountry "POL"]

1. d4 c5 2. d5 d6 3. e4 g6 4. h3 Bg7 5. c4 Nf6 6. Nc3 0-0 7. Bd3 e6 8. Nge2 exd5 9. exd5 Nbd7 10. f4 Ne8 11. Be3 f5 12. g4 fxg4 13. hxg4 Ndf6 14. g5 Nh5 15. Qd2 Bf5 16. 0-0-0 Bh8 17. Ne4 Neg7 18. Rde1 Qd7 19. N4g3 Bxd3 20. Qxd3 Rae8 21. Bd2 Qg4 22. Ref1 Rf7 23. Rf3 Nxg3 24. Nxg3 Nf5 25. Nxf5 Qxf5 26. Qxf5 Rxf5 27. b3 Bd4 28. Re1 Rff8 29. Rff1 Kf7 30. Kc2 Bg7 31. Kd3 h5 32. Rxe8 Rxe8 33. Re1 Rxe1 34. Bxe1 Bf8 35. Ke4 Be7 36. Bh4 a6 37. f5 Bd8 38. f6 Bc7 39. Bg3 Ke8 40. a3 Kd7 41. b4 b6 42. Kd3 Bd8 43. Kc3 Bc7 44. b5 a5 45. a4 1/2-1/2

[Event "POL-chT 2nd League"]
[Site "Szklarska Poreba"]
[Date "2017.09.06"]
[Round "5.5"]
[White "Maciol, Ryszard"]
[Black "Grossmann, Ryszard"]
[Result "1-0"]
[WhiteElo "2134"]
[BlackElo "2070"]
[PlyCount "155"]
[EventDate "2017.09.02"]
[EventType "team-swiss"]
[EventRounds "9"]
[EventCountry "POL"]
[SourceTitle "CBM 180 Extra"]
[Source "ChessBase"]
[SourceDate "2017.10.06"]
[SourceVersion "1"]
[SourceVersionDate "2017.10.06"]
[SourceQuality "1"]
[WhiteTeam "Wroclaw Polonia"]
[BlackTeam "Pegow Wieza"]
[WhiteTeamCountry "POL"]
[BlackTeamCountry "POL"]

1. d4 d5 2. c4 c6 3. cxd5 cxd5 4. Nc3 Nf6 5. Bf4 Nc6 6. e3 e6 7. Bd3 Bd7 8. Nf3 Rc8 9. 0-0 a6 10. e4 dxe4 11. Nxe4 Nb4 12. Bb1 Bc6 13. Re1 Nxe4 14. Bxe4 Bxe4 15. Rxe4 Be7 16. Be5 0-0 17. a3 Nd5 18. Qd2 Re8 19. Rae1 Qd7 20. h4 h5 21. Bg3 Qa4 22. R4e2 Qb3 23. Ne5 Bd8 24. Nf3 Bf6 25. Ng5 Rc6 26. Ne4 Be7 27. Nc5 Qb5 28. a4 Qb6 29. Nd7 Qd8 30. Ne5 Rc8 31. Qd3 Bxh4 32. Qf3 Rc7 33. Bh2 Nf6 34. Qf4 Nd5 35. Qf3 Nf6 36. Qf4 Nd5 37. Qf3 g6 38. Nxg6 fxg6 39. Bxc7 Nxc7 40. Qxb7 Re7 41. Qe4 Rg7 42. Rc1 Bf6 43. Rc4 Qd5 44. Qc2 Qb7 45. Re3 Kh7 46. Rf3 Nd5 47. b3 Qd7 48. Qe4 Bd8 49. Rh3 Kg8 50. Rg3 Kh7 51. Rh3 Kg8 52. Rg3 g5 53. b4 Bc7 54. Rb3 Qd6 55. g3 h4 56. b5 axb5 57. axb5 hxg3 58. fxg3 Qd7 59. Rc6 Kf7 60. Rf3+ Ke7 61. Kg2 Bd6 62. Rf5 Nb4 63. Rc1 g4 64. Re1 Kd8 65. Rh5 Nd5 66. Rh8+ Kc7 67. Rh6 Qxb5 68. Rxe6 Qb3 69. Rc1+ Kd7 70. Rxd6+ Kxd6 71. Qe5+ Kd7 72. Qxg7+ Kd6 73. Qe5+ Kd7 74. Qf5+ Kd6 75. Qg6+ Ke7 76. Re1+ Kd8 77. Qd6+ Kc8 78. Qc6+ 1-0

[Event "POL-chT 2nd League"]
[Site "Szklarska Poreba"]
[Date "2017.09.02"]
[Round "1.15"]
[White "Grossmann, Ryszard"]
[Black "Rak, Tomasz"]
[Result "1-0"]
[WhiteElo "2070"]
[BlackElo "2051"]
[PlyCount "93"]
[EventDate "2017.09.02"]
[EventType "team-swiss"]
[EventRounds "9"]
[EventCountry "POL"]
[SourceTitle "CBM 180 Extra"]
[Source "ChessBase"]
[SourceDate "2017.10.06"]
[SourceVersion "1"]
[SourceVersionDate "2017.10.06"]
[SourceQuality "1"]
[WhiteTeam "Pegow Wieza"]
[BlackTeam "Bydgoszcz Wiartrak"]
[WhiteTeamCountry "POL"]
[BlackTeamCountry "POL"]

1. d4 Nf6 2. c4 g6 3. f3 Bg7 4. e4 d6 5. Ne2 0-0 6. Be3 e5 7. Nbc3 Nc6 8. d5 Ne7 9. Qd2 Nd7 10. 0-0-0 f5 11. Kb1 Nc5 12. b4 Nd7 13. Nc1 a5 14. a3 axb4 15. axb4 c5 16. dxc6 bxc6 17. Qxd6 Rb8 18. Qxb8 Nxb8 19. Rxd8 Rxd8 20. Be2 Be6 21. Kc2 Nd7 22. Nb3 Bf6 23. Ra1 g5 24. Nc5 Nxc5 25. Bxc5 Ng6 26. Ra6 Rc8 27. b5 cxb5 28. Rxe6 Kf7 29. Rxf6+ Kxf6 30. Nd5+ Kf7 31. Be3 f4 32. Bf2 bxc4 33. Nb6 Rh8 34. Bxc4+ Kg7 35. Be6 h5 36. Nd7 Ra8 37. Be1 Ra6 38. Bc4 Ra7 39. Nc5 Kf6 40. Nd3 Ra1 41. Nc1 g4 42. Ba2 Kg5 43. Kb2 Rxc1 44. Kxc1 h4 45. h3 gxh3 46. gxh3 Nf8 47. Ba5 1-0

[Event "Katowice POL-HUN 5th"]
[Site "Katowice"]
[Date "2017.05.20"]
[Round "2"]
[White "Grossmann, Ryszard"]
[Black "Klekowski, Maciej"]
[Result "0-1"]
[WhiteElo "2065"]
[BlackElo "2473"]
[PlyCount "112"]
[EventDate "2017.05.20"]
[EventType "swiss (rapid)"]
[EventRounds "9"]
[EventCountry "POL"]
[SourceTitle "CBM 178 Extra"]
[Source "ChessBase"]
[SourceDate "2017.06.22"]
[SourceVersion "1"]
[SourceVersionDate "2017.06.22"]
[SourceQuality "1"]

1. c4 e5 2. Nc3 Nc6 3. e3 Bb4 4. Qc2 Nf6 5. d3 0-0 6. Nf3 d6 7. Bd2 Re8 8. Be2 Bf5 9. 0-0 h6 10. Rfe1 a5 11. Rac1 Bc5 12. a3 Qd7 13. Ne4 Nxe4 14. dxe4 Bh7 15. Bc3 a4 16. Nd2 Rf8 17. Bf3 Nd8 18. Nf1 Ne6 19. Bg4 Qe7 20. Ng3 g6 21. Re2 h5 22. Bxe6 Qxe6 23. Qd3 h4 24. Nf1 g5 25. h3 Bg6 26. Nh2 Kh7 27. Kh1 f5 28. exf5 Rxf5 29. Qd5 Qxd5 30. cxd5 e4 31. Rd1 Raf8 32. Ng4 Bh5 33. Kg1 Be8 34. Red2 Kg6 35. Bd4 Rxd5 36. Bxc5 Rxc5 37. Rd4 Bc6 38. R1d2 Rc1+ 39. Kh2 Rf5 40. g3 Rf3 41. Kg2 Rf5 42. Rd1 Rc2 43. R4d2 Rfc5 44. Nh2 Bb5 45. gxh4 gxh4 46. f3 Be2 47. Rxc2 Rxc2 48. Rd4 Bxf3+ 49. Kg1 Rg2+ 50. Kh1 Rg3+ 51. Nxf3 exf3 52. Rf4 b5 53. Kh2 Rg2+ 54. Kh1 Rxb2 55. Rxh4 b4 56. Rg4+ Kh5 0-1

[Event "POL-chT3 Dolnoslaskie 1617"]
[Site "Poland"]
[Date "2017.04.02"]
[Round "9.27"]
[White "Swicarz, Maciej"]
[Black "Grossmann, Ryszard"]
[Result "1-0"]
[WhiteElo "2294"]
[BlackElo "2095"]
[PlyCount "131"]
[EventDate "2016.10.16"]
[EventType "team-tourn"]
[EventRounds "11"]
[EventCountry "POL"]
[SourceTitle "EXT 2018"]
[Source "ChessBase"]
[SourceDate "2017.10.13"]
[SourceVersion "1"]
[SourceVersionDate "2017.10.13"]
[SourceQuality "1"]

1. e4 c6 2. Nc3 d5 3. Qe2 e6 4. g3 Nf6 5. Bg2 Be7 6. Nf3 0-0 7. 0-0 Nbd7 8. d4 h6 9. a3 a5 10. Bd2 b6 11. Ne1 Ba6 12. Nd3 Re8 13. e5 Nh7 14. Qg4 Kh8 15. f4 f5 16. exf6 Bxf6 17. Ne2 Bxd3 18. cxd3 Rc8 19. Kh1 Qe7 20. Rae1 Qf7 21. Bf3 g6 22. Qh3 h5 23. Bc3 a4 24. Ng1 c5 25. Ne2 Ndf8 26. Qg2 Red8 27. Qf2 Bg7 28. dxc5 bxc5 29. Bxg7+ Kxg7 30. Nc3 d4 31. Ne4 Nf6 32. Ng5 Qd7 33. Re5 c4 34. dxc4 Rxc4 35. Rd1 Qc8 36. Rd2 Rd6 37. Qe2 Kg8 38. Ra5 N6h7 39. Ra8 Rc1+ 40. Kg2 Qd7 41. Ne4 d3 42. Qe3 Rd4 43. Bd1 Rxd1 44. Rxd1 Qd5 45. Kf3 Nf6 46. Ra5 Qxe4+ 47. Qxe4 Rxe4 48. Rxd3 Rc4 49. Rd8 Rc2 50. Raa8 N6h7 51. Rdb8 Rxh2 52. Rxa4 Kf7 53. Ra7+ Kf6 54. Rbb7 g5 55. Rg7 gxf4 56. gxf4 e5 57. Raf7+ Ke6 58. Re7+ Kd5 59. Rxe5+ Kc4 60. Rc7+ Kb3 61. Rb5+ Ka2 62. a4 Ne6 63. Rxh7 Nd4+ 64. Kg3 Rc2 65. Rhxh5 Nxb5 66. Rxb5 1-0

[Event "POL-chT3 Dolnoslaskie 1617"]
[Site "Poland"]
[Date "2016.10.16"]
[Round "1.13"]
[White "Kruczynski, Marek"]
[Black "Grossmann, Ryszard"]
[Result "0-1"]
[WhiteElo "1777"]
[BlackElo "2095"]
[PlyCount "40"]
[EventDate "2016.10.16"]
[EventType "team-tourn"]
[EventRounds "11"]
[EventCountry "POL"]
[SourceTitle "EXT 2018"]
[Source "ChessBase"]
[SourceDate "2017.10.13"]
[SourceVersion "1"]
[SourceVersionDate "2017.10.13"]
[SourceQuality "1"]

1. e4 c6 2. d4 d5 3. e5 Bf5 4. h4 Qd7 5. Be2 h6 6. Be3 e6 7. g4 Bg6 8. h5 Bh7 9. Nd2 Ne7 10. Nb3 b6 11. Bd3 Bxd3 12. Qxd3 a5 13. a4 Qb7 14. Ne2 Nd7 15. 0-0 Rc8 16. f4 g6 17. Ng3 Rg8 18. Qe2 gxh5 19. Nxh5 Nf5 20. Bf2 Be7 0-1

[Event "Wroclaw op 9th"]
[Site "Wroclaw"]
[Date "2014.07.04"]
[Round "8"]
[White "Grossmann, Ryszard"]
[Black "Rostolis, Riccardo"]
[Result "1-0"]
[WhiteElo "2150"]
[BlackElo "1870"]
[PlyCount "89"]
[EventDate "2014.06.29"]
[EventType "swiss"]
[EventRounds "9"]
[EventCountry "POL"]
[SourceTitle "EXT 2015"]
[Source "ChessBase"]
[SourceDate "2014.11.20"]
[SourceVersion "1"]
[SourceVersionDate "2014.11.20"]
[SourceQuality "1"]

1. d4 Nf6 2. Nf3 g6 3. c4 Bg7 4. Nc3 0-0 5. e4 d6 6. Be2 e5 7. Be3 Nc6 8. d5 Ne7 9. Nd2 Nd7 10. Qc2 f5 11. f3 a6 12. b4 b6 13. Nb3 f4 14. Bf2 g5 15. c5 Ng6 16. c6 Nf6 17. 0-0-0 g4 18. a4 h5 19. Nd2 Rf7 20. Nc4 Bh6 21. Kb2 Rb8 22. b5 a5 23. Na2 Ne8 24. Nc1 Nh4 25. Rhg1 Rg7 26. Nb3 Ra8 27. Qd3 Ng6 28. Qc3 g3 29. hxg3 fxg3 30. Bxg3 Qg5 31. Bf2 Nf4 32. Bf1 Qf6 33. g3 Nh3 34. Bxh3 Bxh3 35. Nbd2 Rf7 36. Rde1 Rb8 37. Re2 Ng7 38. Be1 Rbf8 39. Rh2 Bc8 40. Rgh1 Qg5 41. Qd3 Rf6 42. Bf2 Bg4 43. Be3 Qg6 44. fxg4 R6f7 45. Nf3 1-0